Australian Artists Who Have Charted on the the USA Billboard Hot 100 at Least Twice #1 - Statistics

General Stats
  • This quiz has been taken 594 times
    574 since last reset
  • The average score is 9 of 21
Answer Stats
Year first Charted Songs Answer % Correct
1988 The Loco-Motion, Can't Get You Out of My Head Kylie Minogue
83%
1971 I Honestly Love You, Physical Olivia Newton-John
79%
1982 Who Can it Be Now?, Down Under Men at Work
77%
1983 Don't Change, Need You Tonight INXS
64%
1967 I Started a Joke, Tragedy Bee Gees
60%
1972 Jessie's Girl, Speak to the Sky Rick Springfield
57%
1979 Moneytalks, Big Gun AC/DC
56%
1988 Beds Are Burning, Blue Sky Mine Midnight Oil
56%
1998 Torn, Wrong Impression Natalie Imbruglia
56%
2004 Are You Gonna Be My Girl, Cold Hard Bitch Jet
48%
2014 Fancy, Black Widow Iggy Azalea
46%
1980 The One That You Love, All Out of Love Air Supply
39%
1977 Shadow Dancing, I Just Want to Be Your Everything Andy Gibb
36%
1971 I Don't Know How to Love Him, I am Woman Helen Reddy
32%
1997 I Want You, I Knew I Loved You Savage Garden
30%
1986 Working Class Man, Too Much Ain't Enough Love Jimmy Barnes
24%
1967 Friday on My Mind, St Louis Easybeats
21%
1976 Help is on it's Way, Night Owls Little River Band
21%
2009 Untouched, Take Me on the Floor The Veronicas
18%
1984 Send Me an Angel, Catch Me I'm Falling Real Life
10%
1996 Mouth, Under the Water Merril Bainbridge
8%
No matching quizzes found
Score Distribution
Percent of People with Each Score
Percentile by Number Answered
Your Score History
You have not taken this quiz since the last reset